Countries Containing S - Statistics

General Stats
  • This quiz has been taken 8,161 times
    7,933 since last reset
  • The average score is 58 of 74
Answer Stats
Country % Correct
Sweden
94%
Australia
92%
South Africa
92%
South Korea
92%
South Sudan
92%
Slovakia
91%
Slovenia
91%
Spain
91%
Sudan
91%
Switzerland
91%
United States
91%
Russia
89%
Afghanistan
88%
Austria
88%
St Kitts and Nevis
88%
St Lucia
88%
Turkmenistan
88%
Pakistan
87%
Saudi Arabia
87%
Serbia
87%
St Vincent and the Grenadines
87%
Kyrgyzstan
86%
San Marino
86%
Solomon Islands
86%
Somalia
86%
Uzbekistan
86%
Kazakhstan
85%
Syria
85%
Tajikistan
85%
Samoa
84%
Seychelles
84%
Singapore
84%
Bahamas
83%
Belarus
83%
Estonia
83%
Suriname
83%
Marshall Islands
82%
Senegal
82%
Sri Lanka
82%
Honduras
81%
Indonesia
81%
Israel
81%
Laos
81%
United Arab Emirates
81%
Barbados
80%
Bosnia and Herzegovina
80%
Costa Rica
79%
Malaysia
79%
Netherlands
79%
El Salvador
78%
São Tomé and Príncipe
78%
Tunisia
78%
Federated States of Micronesia
76%
Philippines
76%
Botswana
75%
Mauritius
75%
Sierra Leone
75%
Bangladesh
74%
Comoros
74%
Cyprus
74%
Kosovo
73%
Liechtenstein
73%
Maldives
73%
Lesotho
72%
Madagascar
70%
East Timor
67%
Swaziland
67%
Burkina Faso
65%
Guinea-Bissau
65%
Palestine
47%
Cook Islands
30%
Faroe Islands
28%
St Maarten
24%
Western Sahara
22%
No matching quizzes found
Score Distribution
Percent of People with Each Score
Percentile by Number Answered
Your Score History
You have not taken this quiz since the last reset